Entidades de medicina prepaga (Registro nro. 11225)

Detalles MARC
000 -LEADER
fixed length control field 00340 a2200121 4500
001 - CONTROL NUMBER
control field ART_5759
005 - DATE AND TIME OF LATEST TRANSACTION
control field 20260410161617.0
008 - FIXED-LENGTH DATA ELEMENTS--GENERAL INFORMATION
fixed length control field 260409a
100 1# - MAIN ENTRY--PERSONAL NAME
Personal name Iacomucci, Norma H.
245 10 - TITLE STATEMENT
Title Entidades de medicina prepaga
700 1# - ADDED ENTRY--PERSONAL NAME
Personal name González Escudero, Alejandro
773 0# - HOST ITEM ENTRY
Title Enfoques
Related parts - Nº 3 (mar. 2007)
Record control number REV416

No hay ítems disponibles.